Luxe et fantaisie (Record no. 10974)

MARC details
000 -CABECERA
campo de control de longitud fija 01391nam a22003377a 4500
001 - NÚMERO DE CONTROL
campo de control BRCA_9352
003 - IDENTIFICADOR DEL NÚMERO DE CONTROL
campo de control FranzMayer
005 - FECHA Y HORA DE LA ÚLTIMA TRANSACCIÓN
campo de control 20230918122003.0
008 - DATOS DE LONGITUD FIJA--INFORMACIÓN GENERAL
campo de control de longitud fija 230828b |||||||| |||| 00| 0 eng d
020 ## - NÚMERO INTERNACIONAL ESTÁNDAR DEL LIBRO
Número Internacional Estándar del Libro 2909283763
040 ## - FUENTE DE LA CATALOGACIÓN
Centro catalogador/agencia de origen MFM
Lengua de catalogación esp
Centro/agencia transcriptor MFM
050 #0 - SIGNATURA TOPOGRÁFICA DE LA BIBLIOTECA DEL CONGRESO
Número de clasificación GT2252.B47
Número de documento/Ítem M87 2003
110 1# - ENTRADA PRINCIPAL--NOMBRE DE ENTIDAD CORPORATIVA
Código de función/relación Responsable
Nombre de entidad corporativa o nombre de jurisdicción como elemento de entrada Musée de la mode
Unidad subordinada Union centrale des arts decoratifs et du textile
9 (RLIN) 29292
240 ## - TÍTULO UNIFORME
Título uniforme Luxe et fantaisie
Medio Bijoux de la collection Barbara Berger
Lenguaje de la obra Francés
245 0# - MENCIÓN DE TÍTULO
Título Luxe et fantaisie
Resto del título Bijoux de la collection Barbara Berger
260 ## - PUBLICACIÓN, DISTRIBUCIÓN, ETC.
Lugar de publicación, distribución, etc. Francia
Nombre del editor, distribuidor, etc. Norma Editores
Fecha de publicación, distribución, etc. 2003
300 ## - DESCRIPCIÓN FÍSICA
Extensión 159 p
Otras características físicas Ilustraciones a color
Dimensiones 26 cm
500 ## - NOTA GENERAL
Nota general Anexo 1
505 ## - NOTA DE CONTENIDO CON FORMATO
Nota de contenido con formato Texto en: francésIncluye índice temáticoIncluye bibliografía pp: 1158-159Dirigido a: artistas, diseñadores, diseñadores de moda o joyeros
650 1# - PUNTO DE ACCESO ADICIONAL DE MATERIA--TÉRMINO DE MATERIA
Fuente del encabezamiento o término Maneras y costumbres
Término de materia o nombre geográfico como elemento de entrada Accesorios
Subdivisión de forma Joyeria
9 (RLIN) 29293
651 ## - PUNTO DE ACCESO ADICIONAL DE MATERIA--NOMBRE GEOGRÁFICO
Fuente del encabezamiento o término Joyería francesa
Nombre geográfico Joyería contemporánea
Subdivisión de forma Berger, Barbara
9 (RLIN) 29294
700 1# - PUNTO DE ACCESO ADICIONAL--NOMBRE DE PERSONA
Código de función/relación Fot
Nombre de persona Esteva, Pablo
9 (RLIN) 29295
700 1# - PUNTO DE ACCESO ADICIONAL--NOMBRE DE PERSONA
Código de función/relación fot.
Nombre de persona Jaulmes, Laurent-Sully
9 (RLIN) 29296
700 1# - PUNTO DE ACCESO ADICIONAL--NOMBRE DE PERSONA
Código de función/relación Fot
Nombre de persona Terestchenko, Ivan
9 (RLIN) 29297
700 1# - PUNTO DE ACCESO ADICIONAL--NOMBRE DE PERSONA
Código de función/relación Fot.
Nombre de persona Zabe, Michel
9 (RLIN) 29298
700 1# - PUNTO DE ACCESO ADICIONAL--NOMBRE DE PERSONA
Código de función/relación Editorial .
Nombre de persona Demey, Chloé
9 (RLIN) 29299
700 1# - PUNTO DE ACCESO ADICIONAL--NOMBRE DE PERSONA
Código de función/relación Graphi
Nombre de persona Célestin, Frédéric
9 (RLIN) 29300
700 1# - PUNTO DE ACCESO ADICIONAL--NOMBRE DE PERSONA
Código de función/relación Revision
Nombre de persona Ouvrieu, Lorraine
9 (RLIN) 29301
700 1# - PUNTO DE ACCESO ADICIONAL--NOMBRE DE PERSONA
Código de función/relación Trad
Nombre de persona Guglielmetti, Anne
9 (RLIN) 29302
942 ## - ELEMENTOS DE PUNTO DE ACCESO ADICIONAL (KOHA)
Fuente del sistema de clasificación o colocación Library of Congress Classification
Tipo de ítem Koha Libros
Holdings
Estado de retiro Estado de pérdida Fuente del sistema de clasificación o colocación Estado dañado No para préstamo Código de colección Localización permanente Ubicación/localización actual Fecha de adquisición Total de préstamos Signatura topográfica completa Código de barras Fecha visto por última vez Precio válido a partir de Tipo de ítem Koha
El ejemplar forma parte de la colección y puede ser consultado según las políticas vigentes.   Library of Congress Classification     Fondo Contemporáneo Biblioteca del Museo Franz Mayer (Rogerio Casas-Alatriste) Biblioteca del Museo Franz Mayer (Rogerio Casas-Alatriste) 28/08/2023   GT2252.B47 M87 2003 CONT10110 28/08/2023 28/08/2023 Libros